<?xml version="1.0" encoding="UTF-8"?>
<record
    xmlns:xsi="http://www.w3.org/2001/XMLSchema-instance"
    xsi:schemaLocation="http://www.loc.gov/MARC21/slim http://www.loc.gov/standards/marcxml/schema/MARC21slim.xsd"
    xmlns="http://www.loc.gov/MARC21/slim">

  <leader>02400nam a2200313uu 4500</leader>
  <controlfield tag="001">1469881</controlfield>
  <controlfield tag="005">20250228153626.0</controlfield>
  <controlfield tag="007">cr|||||||</controlfield>
  <controlfield tag="008">170728s2017                        spa  </controlfield>
  <datafield tag="035" ind1=" " ind2=" ">
    <subfield code="a">1469881</subfield>
  </datafield>
  <datafield tag="040" ind1=" " ind2=" ">
    <subfield code="c">comduadb</subfield>
  </datafield>
  <datafield tag="041" ind1=" " ind2=" ">
    <subfield code="a">spa</subfield>
  </datafield>
  <datafield tag="080" ind1=" " ind2=" ">
    <subfield code="a">D</subfield>
  </datafield>
  <datafield tag="100" ind1="1" ind2="0">
    <subfield code="a">Carmona Granada, Kelly Johana</subfield>
    <subfield code="4">aut</subfield>
    <subfield code="e">aut</subfield>
    <subfield code="9">574123</subfield>
  </datafield>
  <datafield tag="245" ind1="1" ind2="3">
    <subfield code="a">La construcci&#xF3;n de la identidad cultural de las personas en situaci&#xF3;n de discapacidad abordada desde la autonom&#xED;a y el g&#xE9;nero</subfield>
  </datafield>
  <datafield tag="260" ind1=" " ind2=" ">
    <subfield code="a">Medell&#xED;n :</subfield>
    <subfield code="b">Autores (as),</subfield>
    <subfield code="c">2017.</subfield>
  </datafield>
  <datafield tag="300" ind1=" " ind2=" ">
    <subfield code="a">89 p&#xE1;ginas</subfield>
  </datafield>
  <datafield tag="520" ind1="3" ind2=" ">
    <subfield code="a">Con base en el proyecto fortalecimiento de las identidades culturales de adolescentes y j&#xF3;venes en situaci&#xF3;n de discapacidad incluidos e incluidas en aulas regulares de siete Instituciones Educativas de la ciudad de Medell&#xED;n, a trav&#xE9;s de la implementaci&#xF3;n de pedagog&#xED;as cr&#xED;ticas y liberadoras en los apoyos pedag&#xF3;gicos, derivamos una l&#xED;nea investigativa a la que dimos por nombre construcci&#xF3;n de la identidad cultural de las personas en situaci&#xF3;n de discapacidad abordadas desde la autonom&#xED;a y el g&#xE9;nero, la cual desarrollamos en la Instituci&#xF3;n Educativa Francisco Luis Hern&#xE1;ndez Betancur, teniendo como objetivo principal fortalecer la construcci&#xF3;n de las identidades culturales de los y las estudiantes de los grados Tercero C y Quinto D.
 Nuestro planteamiento del problema se fundamenta en como la configuraci&#xF3;n de identidad de ni&#xF1;os, ni&#xF1;as y adolescentes ha estado transversalizada por pensamientos tradicionalistas en los que ellos no son reconocidos como sujetos empoderados de su propio proceso educativo, como personas que no poseen capacidades para desenvolverse de manera independiente en un contexto no solo escolar, sino tambi&#xE9;n social en el que la independencia, la autonom&#xED;a y el reconocimiento de si mismos, su participaci&#xF3;n, la expresi&#xF3;n de sus gustos e intereses y sus narrativas culturales suelen ser dominados por otros.</subfield>
  </datafield>
  <datafield tag="650" ind1=" " ind2="7">
    <subfield code="a">Discapacidad </subfield>
    <subfield code="2"></subfield>
    <subfield code="9">122257</subfield>
  </datafield>
  <datafield tag="650" ind1=" " ind2=" ">
    <subfield code="a">Autonom&#xED;a</subfield>
    <subfield code="9">7612</subfield>
  </datafield>
  <datafield tag="650" ind1=" " ind2="7">
    <subfield code="a">Educaci&#xF3;n especial</subfield>
    <subfield code="2">armarc</subfield>
    <subfield code="9">1716</subfield>
  </datafield>
  <datafield tag="650" ind1=" " ind2="7">
    <subfield code="a">Identidad cultural</subfield>
    <subfield code="2">lemb</subfield>
    <subfield code="9">43861</subfield>
  </datafield>
  <datafield tag="700" ind1="1" ind2="0">
    <subfield code="a">Zea Garc&#xED;a, Leidy Marcela</subfield>
    <subfield code="4">aut</subfield>
    <subfield code="e">aut</subfield>
    <subfield code="9">565420</subfield>
  </datafield>
  <datafield tag="700" ind1=" " ind2="0">
    <subfield code="a">Estrada Escobar, Luis Fernando</subfield>
    <subfield code="c">Mag&#xED;ster en Educaci&#xF3;n</subfield>
    <subfield code="4">ths</subfield>
    <subfield code="e">ths</subfield>
    <subfield code="9">410059</subfield>
  </datafield>
  <datafield tag="856" ind1="4" ind2=" ">
    <subfield code="u">https://bibliotecadigital.udea.edu.co/handle/10495/28185</subfield>
  </datafield>
  <datafield tag="942" ind1=" " ind2=" ">
    <subfield code="c">TESIS</subfield>
    <subfield code="n">0</subfield>
  </datafield>
  <datafield tag="999" ind1=" " ind2=" ">
    <subfield code="c">762400</subfield>
    <subfield code="d">762400</subfield>
  </datafield>
  <datafield tag="502" ind1=" " ind2=" ">
    <subfield code="b">145</subfield>
    <subfield code="c">15</subfield>
  </datafield>
  <datafield tag="526" ind1=" " ind2=" ">
    <subfield code="a">147</subfield>
  </datafield>
</record>
